Normal view MARC view

Entry Nombre personal

Number of records used in: 1

001 - NÚMERO DE CONTROL

  • campo de control: 48059

003 - IDENTIFICADOR DEL NÚMERO DE CONTROL

  • campo de control: OSt

005 - FECHA Y HORA DE LA ÚLTIMA TRANSACCIÓN

  • campo de control: 20220606092236.0

008 - DATOS DE LONGITUD FIJA

  • campo de control de longitud fija: 220606|| aca||aabn | a|a d

040 ## - FUENTE DE LA CATALOGACIÓN

  • Centro catalogador/agencia de origen: OSt
  • Centro/agencia transcriptor: OSt

100 ## - ENCABEZAMIENTO-NOMBRE DE PERSONA

  • Nombre de persona: Pacheco Medrano, Karina
  • Fechas asociadas al nombre: 1969-
  • Término indicativo de función/relación: autor

670 ## - FUENTE DE DATOS ENCONTRADOS

  • Cita de la fuente: Work cat.: (OSt): Pacheco Medrano, Karina 1969- autor, La voluntad del molle /, 2020.

Powered by Koha